| 000 | 01528nam a2200241Ia 4500 | ||
|---|---|---|---|
| 003 | Ost | ||
| 005 | 20260507075240.0 | ||
| 008 | 260507s9999||||xx |||||||||||||| ||und|| | ||
| 020 | _a74663299579 | ||
| 040 | _cfsecg | ||
| 041 | _aara | ||
| 082 | _a330 | ||
| 100 |
_aعياصرة، بسام عوض عبد الرحيم _eمؤلف |
||
| 245 | 0 |
_aالرقابة المالية في النظام الاقتصادي الاسلامي / _c بسام عوض عبد الرحيم عياصرة |
|
| 260 |
_aعمان: _bدار الحامد, _c2010 |
||
| 300 |
_a250 صفحة؛ _c24 سم |
||
| 504 | _aمراجع ص.237 | ||
| 520 | _aتعريف الرقابة المالية ، مشروعيتهافي النظام الاقتصادي الاسلامي ، الرقابة المالية في صدر الاسلام و تطورها، اهدافها ، مزاياها و القائمون بها في النظام الاقتصادي الاسلامي ، الرقابة المالية على الايرادات العامة و نفقاتها في النظام الاقتصادي الاسلامي و أنواعها من حيث التوقيت و من حيث الجهة دور الخليفة و الوزير و الدواوين في الرقابة المالية ، بيت المال و نظام الحسبة وولاية المظالم ودورهم في الرقابة المالية . | ||
| 653 | _aالاقتصاد الاسلامي | ||
| 653 | _aالرقابة المالية | ||
| 653 | _aتدقيق الحسابات | ||
| 942 | _cكتاب | ||
| 999 |
_c43614 _d43614 |
||